Double Literature - Statistics

General Stats
  • This quiz has been taken 39 times
  • The average score is 25 of 50
Answer Stats
Hint Answer % Correct
Great Expectations Charles Dickens
100%
Pride and Prejudice Jane Austen
100%
The Harry Potter Series J.K. Rowling
100%
The Hobbit J.R.R. Tolkien
100%
Frankenstein Mary Shelley
100%
Les Misérables Victor Hugo
100%
A Tale of Two Cities Charles Dickens
93%
Little Women Louisa May Alcott
93%
The Old Man and the Sea Ernest Hemingway
92%
1984 George Orwell
92%
The Odyssey Homer
92%
Sense and Sensibility Jane Austen
92%
The Adventures of Huckleberry Finn Mark Twain
92%
Charlie and the Chocolate Factory Roald Dahl
92%
Hamlet William Shakespeare
92%
Animal Farm George Orwell
89%
Anna Karenina Leo Tolstoy
89%
Romeo and Juliet William Shakespeare
89%
Uncle Tom's Cabin Harriet Beecher Stowe
88%
Dracula Bram Stoker
87%
20,000 Leagues under the Sea Jules Verne
86%
The Grapes of Wrath John Steinbeck
85%
The Bell Jar Sylvia Plath
85%
To Kill a Mockingbird Harper Lee
83%
The Iliad Homer
83%
Ulysses James Joyce
82%
Matilda Roald Dahl
81%
The Call of the Wild Jack London
80%
Around the World in Eighty Days Jules Verne
80%
The Adventures of Tom Sawyer Mark Twain
77%
I Know Why the Caged Bird Sings Maya Angelou
77%
War and Peace Leo Tolstoy
75%
The Jungle Book Rudyard Kipling
75%
The Hunchback of Notre-Dame Victor Hugo
75%
Great Gatsby F. Scott Fitzgerald
73%
Catch-22 Joseph Heller
73%
The Catcher in the Rye J. D. Salinger
71%
Fahrenheit 451 Ray Bradbury
71%
The Tell-Tale Heart Edgar Allen Poe-
69%
Moby-Dick Herman Melville
67%
Lost Paradise John Milton
67%
The Lord of the Rings Trilogy J.R R. Tolkien
67%
The Scarlet Letter Nathaniel Hawthorne
67%
The Raven Edgar Allen Poe
64%
White Fang Jack London
63%
A Farewell to Arms Ernest Hemingway
60%
Charlotte's Web E. B. White
58%
Of Mice and Men John Steinbeck
58%
The Last of the Mohicans James Fenimore Cooper
46%
Little Men Louisa May Alcott
44%
If- Rudyard Kipling
44%
The Waste Land T. S. Eliot
44%
The Road Not Taken Robert Frost
42%
The Legend of Sleepy Hollow Washington Irving
38%
Song of Myself Walt Whitman
36%
The Red Badge of Courage Stephen Crane
33%
The Tyger William Blake
33%
Songs of Innocence William Blake
33%
I heard a Fly buzz—when I died Emily Dickinson
30%
Good Omens Neil Gaiman
29%
The Outsiders S. E. Hinton
29%
Stopping by Woods on a Snowy Evening Robert Frost
28%
Coraline Neil Gaiman
27%
The Love Song of J. Alfred Prufrock T. S. Eliot
27%
anyone lived in a pretty how town Edward Estlin Cummings
25%
"Hope" is a thing with feathers Emily Dickinson
25%
Billy Budd Herman Melville
25%
Something Happened Joseph Heller
25%
All Summer in a Day Ray Bradbury
25%
Daddy Sylvia Plath
25%
Paul Revere's Ride Henry Wadsworth Longfellow
23%
A Perfect Day for Bananafish J. D. Salinger
21%
The Percy Jackson Series Rick Riordan
21%
Go Set A Watchman Harper Lee
20%
O Captain! My Captain! Walt Whitman
20%
The Deerslayer James Fenimore Cooper
19%
The Song of Hiawatha Henry Wadsworth Longfellow
18%
The Trumpet of the Swan E. B. White
17%
The Diamond as big as the Ritz F. Scott Fitzgerald
17%
Where the Sidewalk Ends Shel Silverstein
17%
Chicago Carl Sandburg
15%
And Still I Rise Maya Angelou
14%
The Devil and Tom Walker Washington Irving
13%
The Running Grave J.K. Rowling
10%
That was Then, This is Now S. E. Hinton
10%
The Weary Blues Langston Hughes
9%
The Wayside School Series Louis Sachar
9%
The House of the Seven Gables Nathaniel Hawthorne
9%
The Magnus Chase Series Rick Riordan
8%
i sing of Olaf glad and big Edward Estlin Cummings
7%
Lycidas John Milton
7%
Holes Louis Sachar
7%
The Lair of the White Worm Bram Stoker
0%
Fog Carl Sandburg
0%
A Tale of the Great Dismal Swamp Harriet Beecher Stowe
0%
Araby James Joyce
0%
Harlem Langston Hughes
0%
The Last Man Mary Shelley
0%
Sick Shel Silverstein
0%
The Bride Comes to Yellow Sky Stephen Crane
0%
No matching quizzes found
Score Distribution
Percent of People with Each Score
Percentile by Number Answered
Your Score History
You have not taken this quiz